| 000 | 00442nam a2200169Ia 4500 | ||
|---|---|---|---|
| 008 | 230718s9999 xx 000 0 und d | ||
| 041 | _aeng | ||
| 082 |
_a628.2 _bMET |
||
| 100 | _aMetcalf | ||
| 245 | _aWastewater Engineering Treatment, Disposal And Reuse | ||
| 250 | _a3rd ed. | ||
| 260 |
_c1991 _bTata McGraw Hill |
||
| 300 | _a1334 | ||
| 365 |
_cRs. _b395.00 |
||
| 700 | _aMetcalf & Eddy | ||
| 906 |
_dB:112723-Jul-2002 _cCIVIL _b59.25 |
||
| 999 |
_c303983 _d303983 |
||